| 000 | 00551nam a2200205 a 4500 | ||
|---|---|---|---|
| 005 | 20240807063748.0 | ||
| 008 | 991125s1979 bar 000 0 spa u | ||
| 020 | _a8425209005 | ||
| 035 | _aUPN01000026149 | ||
| 049 | _aCG | ||
| 050 | 4 | _aQA445 P4.38 | |
| 100 | 1 | _aPedoe, Dan | |
| 245 | 1 | 3 |
_aLa geometría en el arte / _cDan Pedoe ; tr. Carolina Phipps |
| 260 |
_aBarcelona (Esp.) : _bG. Gili, _c1979 |
||
| 300 |
_a289 p. : _bil. , [12] h. d |
||
| 440 | 0 | _aPunto y línea | |
| 650 | 4 |
_aGeometría _95328 |
|
| 904 |
_aAC _b026150 |
||
| 905 | _aLibro | ||
| 999 |
_c26149 _d26149 |
||